50 Biggest Cities in Pakistan - Statistics

General Stats
  • This quiz has been taken 104 times
    57 since last reset
  • The average score is 19 of 50
Answer Stats
Rank Population Answer % Correct
9 1,009,832 Islamabad
100%
1 14,916,456 Karachi
100%
2 11,126,285 Lahore
95%
3 3,204,726 Faisalabad
89%
8 1,734,309 Hyderabad
89%
4 2,098,231 Rawalpindi
89%
10 1,001,205 Quetta
84%
6 1,970,042 Peshawar
77%
7 1,871,843 Multan
75%
5 2,027,001 Gujranwala
70%
13 655,852 Sialkot
64%
20 390,533 Gujrat
52%
14 499,900 Sukkur
48%
15 490,508 Larkana
43%
12 659,862 Sargodha
41%
11 762,111 Bahawalpur
39%
23 358,604 Mardan
39%
16 477,100 Rahim Yar Khan
39%
19 399,064 Dera Ghazi Khan
36%
21 389,605 Sahiwal
36%
44 190,425 Jhelum
34%
27 279,688 Nawabshah
34%
40 208,491 Abbotabad
30%
25 357,935 Okara
30%
35 228,779 Kohat
27%
31 245,784 Hafizabad
25%
18 414,131 Jhang
25%
36 227,059 Khanewal
25%
41 198,609 Mandi Bahauddin
25%
43 191,076 Jacobabad
23%
24 358,409 Kasur
23%
17 473,129 Sheikhupura
23%
38 213,557 Turbat
23%
34 231,797 Burewala
20%
28 278,747 Chiniot
20%
37 217,457 Dera Ismail Khan
20%
46 183,181 Khairpur
20%
48 176,693 Pakpattan
20%
32 239,677 Sadiqabad
20%
33 233,916 Mirpur Khas
18%
50 175,170 Daska
16%
47 182,927 Khuzdar
16%
26 331,091 Mingora
14%
39 209,604 Muzaffargarh
14%
42 195,437 Shikarpur
14%
49 175,376 Hub
11%
30 249,767 Kāmoke
11%
45 184,793 Khanpur
11%
29 259,358 Kotri
9%
22 380,103 Wah Cantonment
2%
No matching quizzes found
Score Distribution
Percent of People with Each Score
Percentile by Number Answered
Your Score History
You have not taken this quiz since the last reset